Skip to main content
Your cart is empty.
Your lists
Log in to create your own lists
Your cookies
العربية
English
العربية
Home
Search
Advanced search
Authority search
About
The noble scholar, jurist, historian
His Excellency Dr. Abdul Wahhab bin Ibrahim Abu Sulaiman, may Allah have mercy on him.
He was born in Umm Al-Qura in the year 1356 AH.
Library catalog
Title
Author
Subject
ISBN
ISSN
Series
Call number
Log in to your account
×
Login:
Password:
Home
MARC view: أعمال وبحوث ندوة مشكلة الزحام في الحج وحلولها الشرعية.
Normal view
MARC view
ISBD view
أعمال وبحوث ندوة مشكلة الزحام في الحج وحلولها الشرعية. (Record no. 7318)
[
view plain
]
MARC details
000 -LEADER
fixed length control field
02153cam a2200289 ia4500
003 - CONTROL NUMBER IDENTIFIER
control field
SA-RiAUC
005 - DATE AND TIME OF LATEST TRANSACTION
control field
20250423050658.0
008 - FIXED-LENGTH DATA ELEMENTS--GENERAL INFORMATION
fixed length control field
250423s2003 su f 100 0 ara c
024 0# - OTHER STANDARD IDENTIFIER
Standard number or code
00000000983968
040 ## - CATALOGING SOURCE
Original cataloging agency
JO-AmJU
Language of cataloging
ara
Transcribing agency
SA-RiAUC
Modifying agency
AE-DuMBRL
Description conventions
rda
082 04 - DEWEY DECIMAL CLASSIFICATION NUMBER
Classification number
252.5
Assigning agency
SA-RiAUC
090 ## - LOCALLY ASSIGNED LC-TYPE CALL NUMBER (OCLC); LOCAL CALL NUMBER (RLIN)
Classification number (OCLC) (R) ; Classification number, CALL (RLIN) (NR)
252.5
Local cutter number (OCLC) ; Book number/undivided call number, CALL (RLIN)
ن د و
111 2# - MAIN ENTRY--MEETING NAME
Meeting name or jurisdiction name as entry element
ندوة مشكلة الزحام في الحج وحلولها الشرعية
Date of meeting or treaty signing
(2003 :
Location of meeting
مكة المكرمة)
245 10 - TITLE STATEMENT
Title
أعمال وبحوث ندوة مشكلة الزحام في الحج وحلولها الشرعية.
264 #1 - PRODUCTION, PUBLICATION, DISTRIBUTION, MANUFACTURE, AND COPYRIGHT NOTICE
Place of production, publication, distribution, manufacture
الرياض :
Name of producer, publisher, distributor, manufacturer
المجمع الفقهي الإسلامي،
Date of production, publication, distribution, manufacture, or copyright notice
2003.
300 ## - PHYSICAL DESCRIPTION
Extent
2 مجلد ؛
Dimensions
24 × 17 سم
336 ## - CONTENT TYPE
Content type term
نص
Content type code
txt
Source
rdacontent
Materials specified
كتاب
337 ## - MEDIA TYPE
Media type term
بدون وسيط
Media type code
n
Source
rdamedia
338 ## - CARRIER TYPE
Carrier type term
مجلد
Carrier type code
nc
Source
rdacarrier
520 ## - SUMMARY, ETC.
Summary, etc.
يتناول كتاب (ندوة مشكلة الزحام في الحج وحلولها الشرعية) والذي قام بتأليفه مجمع الفق الإسلامي، موضوع (الزحام) هذا الكتاب يقدم أعمال ندوة مشكلة الزحام في الحج وحلولها الشرعية، والتي نظمها المجمع الفقهي الإسلامي في الفترة من 25-27 ذي القعدة 1423هـ الموافق 28-30 يناير 2003م، وذلك للمساهمة في تقديم الحلول الشرعية لمشكلة الزحام في المشاعر المقدسة، وتوعية المسلمين وإرشادهم وتوجيههم إلى أداء العبادة بوجه صحيح، وإلى التعاون والتراحم والرفق والأناة للتخفيف من الزحام، وتجنيب ضيوف الرحمن مخاطره وأشراره.
650 #7 - SUBJECT ADDED ENTRY--TOPICAL TERM
Topical term or geographic name entry element
الحج
Form subdivision
مؤتمرات
Source of heading or term
aucsh
650 #7 - SUBJECT ADDED ENTRY--TOPICAL TERM
Topical term or geographic name entry element
الحج
General subdivision
إدارة
Form subdivision
مؤتمرات
Source of heading or term
aucsh
856 4# - ELECTRONIC LOCATION AND ACCESS
Uniform Resource Identifier
<a href="https://catalog.loc.gov/vwebv/staffView?searchId=2107&recPointer=0&recCount=25&searchType=0&bibId=14311330">https://catalog.loc.gov/vwebv/staffView?searchId=2107&recPointer=0&recCount=25&searchType=0&bibId=14311330</a>
942 ## - ADDED ENTRY ELEMENTS (KOHA)
Source of classification or shelving scheme
Dewey Decimal Classification
Koha item type
Books
949 ## - LOCAL PROCESSING INFORMATION (OCLC)
a
SA-JeALM
d
250423
u
khaled123
n
1
Holdings
Withdrawn status
Lost status
Source of classification or shelving scheme
Materials specified (bound volume or other part)
Damaged status
Not for loan
Home library
Current library
Date acquired
Total checkouts
Full call number
Barcode
Date last seen
Price effective from
Koha item type
Dewey Decimal Classification
الجزء الأول
DR AbdElwahab Library
DR AbdElwahab Library
04/23/2025
252.5 ن د و
000012153
04/23/2025
04/23/2025
Books
Dewey Decimal Classification
الجزء الأول
DR AbdElwahab Library
DR AbdElwahab Library
04/23/2025
252.5 ن د و
000012154
04/23/2025
04/23/2025
Books
Dewey Decimal Classification
الجزء الثاني
DR AbdElwahab Library
DR AbdElwahab Library
04/23/2025
252.5 ن د و
000012155
04/23/2025
04/23/2025
Books
Dewey Decimal Classification
الجزء الأول
DR AbdElwahab Library
DR AbdElwahab Library
04/30/2025
252.5 ن د و
000012481
04/30/2025
04/30/2025
Books
Dewey Decimal Classification
الجزء الثاني
DR AbdElwahab Library
DR AbdElwahab Library
04/30/2025
252.5 ن د و
000012482
04/30/2025
04/30/2025
Books
Place hold
Print
Add to your cart
(remove)
Save record
BIBTEX
Dublin Core
MARCXML
MARC (non-Unicode/MARC-8)
MARC (Unicode/UTF-8)
MARC (Unicode/UTF-8, Standard)
MODS (XML)
RIS
ISBD
More searches
Search for this title in:
Other Libraries (WorldCat)
Other Databases (Google Scholar)
Online Stores (Bookfinder.com)
Open Library (openlibrary.org)
Exporting to Dublin Core...
×
Simple DC-RDF
OAI-DC
SRW-DC